000
00223 a2200097 4500
001
4770
100
_a
Hippel,A.R.V
245
_a
Moleculare science molecular engineering
260
_a
_b
M.I.T press
_c
090
_c
3963
_d
3963
942
_a
NUST-CAE
_c
M
_c
30226
999
_c
239843
_d
239843